000 00819nam a2200253 a 4500
001 24848
003 CO-ViMGA
005 20230915232021.0
008 141112s2004 ck r 000 u spa d
020 _a9786077070757
040 _aCO-ViMGA
_bspa
_cCO-ViMGA
082 0 4 _a658.404 D41a
100 1 _aDíaz Martín, Ángel.
_937138
245 1 0 _aEl arte de dirigir proyectos /
_cÁngel Díaz Martín.
250 _a3a. ed.
260 _aMéxico :
_bAlfaomega Grupo Editor,
_c2011.
300 _a584p. ; 24 cm.
490 _aAlfaomega. Ra - Ma ; 1293
500 _aIncluye índice.
650 1 4 _aAdministración de proyectos.
_91914
942 _2ddc
_cBK
949 _an
999 _c32648
_d32648